Religious conversion and social mobility : (Record no. 19110)
[ view plain ]
| 000 -LEADER | |
|---|---|
| fixed length control field | 00513nam a2200157Ia 4500 |
| 082 ## - DEWEY DECIMAL CLASSIFICATION NUMBER | |
| Classification number | RL.0017 |
| 100 ## - MAIN ENTRY--AUTHOR NAME | |
| Personal name | Lobo, Lancy |
| 245 #0 - TITLE STATEMENT | |
| Title | Religious conversion and social mobility : |
| Sub Title | A case study of the Vankars in Central Gujarat |
| 260 ## - PUBLICATION, DISTRIBUTION, ETC. (IMPRINT) | |
| Year of publication | 1991 |
| Name of publisher | ICSSR, New Delhi |
| 300 ## - PHYSICAL DESCRIPTION | |
| Number of Pages | 259 |
| 650 ## - SUBJECT ADDED ENTRY--TOPICAL TERM | |
| Topical Term | VANKARS, THE - GUJARAT - KHEDA DISTRICT |
| 650 ## - SUBJECT ADDED ENTRY--TOPICAL TERM | |
| Topical Term | SOCIAL MOBILITY - GUJARAT - KHEDA DISTRICT |
| 650 ## - SUBJECT ADDED ENTRY--TOPICAL TERM | |
| Topical Term | CONVERTS - GUJARAT - KHEDA DISTRICT |
| 710 ## - ADDED ENTRY--CORPORATE NAME | |
| Corporate name or jurisdiction name as entry element | Centre for Social Studies, Surat |
| 942 ## - ADDED ENTRY ELEMENTS (KOHA) | |
| Koha item type | Research Reports |
| Source of classification or shelving scheme | Dewey Decimal Classification |
| Withdrawn status | Lost status | Damaged status | Not for loan | Home library | Current library | Date acquired | Bill Date | Full call number | Accession Number | Price effective from | Koha item type |
|---|---|---|---|---|---|---|---|---|---|---|---|
| NASSDOC Library | NASSDOC Library | 08/10/2004 | 2008-12-30 | RL.0017 | 30886 | 18/04/2019 | Research Reports |
